Crisis y desdemocratización: política y economía de la crisis brasileña /
se analiza la crisis política y económica en Brasil y su impacto en la democracia del país. El autor explora cómo las tensiones entre factores políticos y económicos contribuyeron a la crisis, y cómo esta crisis afectó la estabilidad democrática en Brasil. El artículo examina las políticas económica...
Պահպանված է:
| Հիմնական հեղինակ: | |
|---|---|
| Ձևաչափ: | Գիրք |
| Լեզու: | Spanish |
| Խորագրեր: | |
| Ցուցիչներ: |
Ավելացրեք ցուցիչ
Չկան պիտակներ, Եղեք առաջինը, ով նշում է այս գրառումը!
|
MARC
| LEADER | 00000nam a22000007a 4500 | ||
|---|---|---|---|
| 003 | cru CIDCACS/ IIS | ||
| 005 | 20230905144658.0 | ||
| 007 | ta | ||
| 008 | 220721s2019 cr |||||r|||| 00| 0 spa d | ||
| 040 | |c cru CIDCACS/ IIS | ||
| 100 | 1 | |9 10592 |a Navarro Alvarado, Guillermo Antonio |e Autor | |
| 245 | 1 | |a Crisis y desdemocratización: |b política y economía de la crisis brasileña / |c Guillermo Antonio Navarro Alvarado | |
| 300 | |a páginas 59-77 : |b gráfico | ||
| 520 | |a se analiza la crisis política y económica en Brasil y su impacto en la democracia del país. El autor explora cómo las tensiones entre factores políticos y económicos contribuyeron a la crisis, y cómo esta crisis afectó la estabilidad democrática en Brasil. El artículo examina las políticas económicas adoptadas durante el período de crisis, así como las decisiones políticas que llevaron a la destitución de la presidenta Dilma Rousseff. Se destaca cómo las implicaciones económicas y sociales de la crisis influyeron en la percepción pública de la democracia y en la confianza en las instituciones políticas. Además, se analizan los efectos de la crisis en la participación ciudadana y en la calidad de la democracia en Brasil. El autor plantea cuestionamientos sobre cómo la crisis económica puede interactuar con factores políticos y socava la salud de las instituciones democráticas. RAR 03/2023 | ||
| 650 | 0 | |2 OCDE |9 6343 |a CRISIS ECONOMICA | |
| 650 | 4 | |2 OCDE |9 2655 |a POLITICA ECONOMICA | |
| 650 | 0 | |2 OCDE |9 83 |a DEMOCRACIA | |
| 650 | 0 | |2 OCDE |9 7681 |a CALIDAD | |
| 651 | 0 | |2 OCDE |9 387 |a BRASIL | |
| 773 | 0 | |0 18728 |9 7616 |a Universidad de Costa Rica. |d San José, Costa Rica Editorial UCR 1959- |o 23625 |t Revista de Ciencias Sociales/ |x 04825276 | |
| 942 | |2 ddc |c PP | ||
| 999 | |c 44398 |d 44398 | ||
| 773 | 0 | |0 18728 |9 7618 |a Universidad de Costa Rica. |d San José, Costa Rica Editorial UCR 1959- |o 23627 |t Revista de Ciencias Sociales/ |x 04825276 | |
